000 00606nam a22001817a 4500
005 20251108165221.0
008 250721s1994 xx 000 0 ara d
082 1 4 _a610.95652/كام
100 1 _aالعسلي، كامل جميل
245 1 0 _aمقدمة في تاريخ الطب في القدس منذ أقدم الأزمنة حتى سنة 1918 /
264 1 _aعمان :
_bالجامعة الأردنية - عمادة البحث العلمي،
_c1994.
300 _a281ص
650 1 7 _aالطب
650 1 7 _aتاريخ العرب
650 1 7 _aفلسطين
942 _2ddc
_cBK
999 _c22382
_d22382